Guess the Location #69 (Set 5) - Statistics

General Stats
  • This quiz has been taken 19 times
  • The average score is 13 of 15
Answer Stats
Land Borders Maritime Boundaries Sovereign
State?
First Letter Location % Correct
Greece, Kosovo, Montenegro, North Macedonia Croatia, Italy [and some land border locations] Y ? Albania
100%
Egypt, Jordan, Lebanon, Palestine Cyprus [and land border locations] Y ? Israel
100%
Algeria, Western Sahara Portugal, Spain Y ? Morocco
100%
Eswatini, Malawi, South Africa, Tanzania, Zambia, Zimbabwe Comoros, Madagascar, Mayotte (proposed) [and some land border locations] Y ? Mozambique
100%
Ireland Belgium, Denmark, Faroe Islands, France, Germany, Guernsey, Isle of Man, Netherlands, Norway [and land border locations] Y ? United Kingdom
100%
[none] Gambia, Guinea-Bissau, Mauritania, Senegal Y ? Cape Verde
94%
China, Kazakhstan, Tajikistan, Uzbekistan [none] Y ? Kyrgyzstan
94%
[none] Kiribati, Marshall Islands Y ? Nauru
94%
Bosnia and Herzegovina, Bulgaria, Croatia, Hungary, Kosovo, Montenegro, North Macedonia, Romania [none] Y ? Serbia
94%
Angola, Botswana, Zambia [included in land border locations] Y ? Namibia
89%
[none] Barbados, Martinique, Saint Vincent and the Grenadines, Venezuela Y ? Saint Lucia
89%
[none] Cayman Islands, Colombia, Cuba, Haiti Y ? Jamaica
83%
[none] Barbados, Dominica, Saint Lucia, Venezuela N ? Martinique
61%
[none] Curaçao, Dominican Republic, Venezuela N ? Bonaire
44%
[none] Saba, Saint Barthélemy, Saint Kitts and Nevis, Venezuela N ? Sint Eustatius
17%
No matching quizzes found
Score Distribution
Percent of People with Each Score
Percentile by Number Answered
Your Score History
You have not taken this quiz